000 01402nam a2200241Ia 4500
003 Ost
005 20260507075405.0
008 260507s9999||||xx |||||||||||||| ||und||
020 _a5041753977
040 _cfsecg
041 _aara
082 _a330
100 _aغازي، كريم منصور
_eمؤلف
245 0 _aمبادئ الإدارة /
_c كريم منصور غازي
260 _aالإسكندرية:
_bمكتبة الوفاء القانونية,
_c2015
300 _a223 صفحة؛
_bإيضاحات ؛
_c24 سم
520 _aيضم مقدمة في الإدارة، البيئة،ثقافة المنظمة والتنوع، الإطار الفكري للإدارة، التخطيط، التنظيم الإداري، التوجيه، الرقابة الإدارية القيادة الإدارية ، الإتصالات الإدارية ،إتخاد القرارات الإدارية، إدارة الموارد البشرية ، أخلاقيات الإدارة و المسؤولية الإجتماعية للمنظمات ، الفرق بين الإدارة العامة و إدارة الأعمال، مدخل الإدارة بالأهداف ، الإتجاهات المعاصرة في الإدارة
653 _aإدارة الأعمال
653 _aالإدارة
653 _aالإدارة العامة
653 _aالفكر الإداري
942 _cكتاب
999 _c44299
_d44299